US GAAP : (Registro nro. 63348)

Detalles MARC
000 -LEADER
campo de control de longitud fija 02314nam a22003734504500
003 - IDENTIFICADOR DE NÚMERO DE CONTROL
campo de control PE-LiUPU
005 - FECHA Y HORA DE LA ÚLTIMA TRANSACCIÓN
campo de control 20260326151827.0
008 - DATOS DE LONGITUD FIJA--INFORMACIÓN GENERAL
campo de control de longitud fija 250701s2025 pe 000 0 spa d
020 ## - NÚMERO INTERNACIONAL ESTÁNDAR DEL LIBRO
Número Internacional Estándar del Libro 9786123226169
035 ## - NÚMERO DE CONTROL DEL SISTEMA
Número de control de sistema PE-LiUPU000006
040 ## - FUENTE DE CATALOGACIÓN
Centro catalogador/agencia de origen PE-LiUPU
Lengua de catalogación spa
Centro/agencia transcriptor PE-LiUPU
Normas de descripción rda
041 0# - CÓDIGO DE IDIOMA
Código de lengua del texto/banda sonora o título independiente spa
082 04 - NÚMERO DE LA CLASIFICACIÓN DECIMAL DEWEY
Número de clasificación 657.0218
Cutter V494u
Número de edición 20
100 1# - ENTRADA PRINCIPAL--NOMBRE DE PERSONA
Nombre de persona Vergara Silva, Mario Miguel,
Término indicativo de función/relación autor.
9 (RLIN) 8222
245 10 - MENCIÓN DEL TÍTULO
Título US GAAP :
Resto del título Manual de normas contables americanas : aplicable para empresas en el Perú emitidas por el FASB /
Mención de responsabilidad, etc. Mario Miguel Vergara Silva.
250 ## - MENCION DE EDICION
Mención de edición Primera edición.
264 #1 - PRODUCCIÓN, PUBLICACIÓN, DISTRIBUCIÓN, FABRICACIÓN Y COPYRIGHT
Producción, publicación, distribución, fabricación y copyright Lima :
Nombre del de productor, editor, distribuidor, fabricante Instituto Pacífico S.A.C.,
Fecha de producción, publicación, distribución, fabricación o copyright 2025.
300 ## - DESCRIPCIÓN FÍSICA
Extensión 495 páginas :
Otras características físicas ilustraciones ;
Dimensiones 24 cm
336 ## - TIPO DE CONTENIDO
Término de tipo de contenido text
Fuente rdacontent
337 ## - TIPO DE MEDIO
Nombre/término del tipo de medio unmediated
Fuente rdamedia
338 ## - TIPO DE SOPORTE
Nombre/término del tipo de soporte volume
Fuente rdacarrier
504 ## - NOTA DE BIBLIOGRAFÍA, ETC.
Nota de bibliografía, etc. Incluye bibliografía.
505 ## - NOTA DE CONTENIDO CON FORMATO
Nota de contenido con formato Antecedentes y aplicación de los US GAAP en el Perú – Orígenes de los Principios de Contabilidad Generalmente Aceptados – Instituto Americano de Contadores Públicos Certificados (American Institute of Certified Public Accountants, AICPA) – Consejos de Normas Internacionales de Contabilidad (International Accounting Standards Board, IASB) -- Declaraciones sobre normas de contabilidad financiera emitidas por el FASB vigentes hasta el 2009 -- Codificación de normas de contabilidad emitidas por el FASB vigentes a partir del 2009 – Principios generales – Presentación – Activos – Pasivo – Patrimonio – Ganancia – Gastos – Transacciones amplias – Industria -- Principios contables generalmente aceptados americanos emitidos por el FASB aplicables para empresas peruanas.
520 ## - RESUMEN, ETC.
Sumario, etc. Manual que desarrolla las normas contables americanas US GAAP y su aplicación en el contexto peruano, incluyendo el análisis de las normas emitidas por el FASB y su evolución normativa.
650 14 - PUNTO DE ACCESO ADICIONAL DE MATERIA--TÉRMINO DE MATERIA
Término de materia o nombre geográfico como elemento de entrada Contabilidad
Subdivisión general Normas
Subdivisión geográfica Perú
9 (RLIN) 8287
650 24 - PUNTO DE ACCESO ADICIONAL DE MATERIA--TÉRMINO DE MATERIA
Término de materia o nombre geográfico como elemento de entrada Principios de contabilidad generalmente aceptados (Estados Unidos)
9 (RLIN) 8292
650 24 - PUNTO DE ACCESO ADICIONAL DE MATERIA--TÉRMINO DE MATERIA
Término de materia o nombre geográfico como elemento de entrada Estados financieros
Subdivisión general Normas
9 (RLIN) 3708
650 #4 - PUNTO DE ACCESO ADICIONAL DE MATERIA--TÉRMINO DE MATERIA
Término de materia o nombre geográfico como elemento de entrada US GAAP.
650 #4 - PUNTO DE ACCESO ADICIONAL DE MATERIA--TÉRMINO DE MATERIA
Término de materia o nombre geográfico como elemento de entrada Estados financieros
Subdivisión general Normas.
9 (RLIN) 3708
651 #4 - PUNTO DE ACCESO ADICIONAL DE MATERIA--NOMBRE GEOGRÁFICO
Nombre geográfico Perú
Subdivisión general Contabilidad.
710 ## - ENTRADA AGREGADA--NOMBRE DE ENTIDAD CORPORATIVA
Nombre de entidad corporativa o nombre de jurisdicción como elemento de entrada Instituto Pacífico S.A.C. (Lima)
Término indicativo de función/relación editor.
9 (RLIN) 1605
942 ## - ELEMENTOS DE ENTRADA SECUNDARIOS (KOHA)
Fuente del sistema de clasificación o colocación Clasificación Decimal Dewey
Tipo de ítem Koha Libros físicos
980 ## - EQUIVALENCIA O REFERENCIA-CRUZADA-MENCIÓN DE SERIE--NOMBRE DE PERSONA/TÍTULO [LOCAL, CANADÁ]
ID del usuario creador del registro 18228
Nombre del creador del registro Hugo Fernandez
ID del último usuario que modificó el registro 18226
Nombre del último usuario que modificó el registro Jaime Vilcazán Jefe de Análisis Documental
Existencias
Visto por última vez Total de préstamos Signatura topográfica completa Código de barras Copia número Coste, precio de reemplazo Fecha de reemplazo Facultad Tipo de ítem Koha Estado de pérdida Fuente del sistema de clasificación o colocación Restricciones de uso No para préstamo Colección Programa académico Biblioteca de origen Biblioteca actual Ubicación en estantería Fecha de adquisición Fuente de adquisición Coste, precio normal de compra
2026-03-31   657.0218 V494u 83153 e1 48.19 2026-03-24 FCE Libros físicos No Perdido Clasificación Decimal Dewey No restringido Disponible para préstamos Colección General Contabilidad, Gestión Tributaria Y Aduanera Biblioteca CRAI UPeU Lima Biblioteca CRAI UPeU Lima Sala principal 2026-03-24 Suscripción, Solutions Mihael & Ruby SACS 43.19